000 01000cam a22002897a 4500
003 CHAP
005 20220329133737.0
008 971013s r 00010 d
010 _a10244
011 _a11216
035 _a10454
040 _cCHAP
090 _aR-978
100 0 0 _aChabrolin, R.
_921685
245 1 4 _aLas investigaciones sobre el arroz en los paĆ­ses de lengua francesa del Africa tropical y en Madagascar
500 _aSobretiro de : L'Agronomie Tropicale 24(1), 1969. 24 p
590 _aBATCH-UPD
_b10
_c20130110
_lUCH01
_h0112
590 _aBATCH-UPD
_b10
_c20130110
_lUCH01
_h2126
590 _aBATCH-UPD
_b10
_c20130410
_lUCH01
_h1435
590 _aBATCH-UPD
_b10
_c20130914
_lUCH01
_h0407
590 _aCONVERSION
_b10
_c20130109
_lUCH01
_h1307
650 1 4 _aArroz
_xInvestigación.
_97624
710 0 _aInstitut de Recherches Agronomiques Tropicales et des Cultures Vivrieres. Paris.
_958991
901 _aBK
942 _cREIMP
949 _aR-978
_bBC
_cR
_d-22052
_eTS1
_i10454
_si
999 _c10244
_d10244